Normal view
MARC view
- Riveted joints
Entry Topical Term
001 - CONTROL NUMBER
- control field: 44970
003 - CONTROL NUMBER IDENTIFIER
- control field: NUST
005 - DATE AND TIME OF LATEST TRANSACTION
- control field: 20210314133125.0
008 - FIXED-LENGTH DATA ELEMENTS
- fixed length control field: 210314|| aca||aabn | a|a d
040 ## - CATALOGING SOURCE
- Original cataloging agency: NUST
- Transcribing agency: NUST
150 ## - HEADING--TOPICAL TERM
- Topical term or geographic name entry element: Riveted joints
670 ## - SOURCE DATA FOUND
- Source citation: Work cat.: (NUST): Kulak, Geoffrey L. 44968, Guide to design criteria for bolted and riveted joints /, c1987.
